In 80 Gärten um die Welt
Salvato in:
| Natura: | Libro |
|---|---|
| Lingua: | tedesco |
| Pubblicazione: |
Hamburg :
Ellert a Richter,
2013
|
| Tags: |
Nessun Tag, puoi essere il primo ad aggiungerne!!
|
MARC
| LEADER | 00000nam a22000003a 4500 | ||
|---|---|---|---|
| 001 | stu275955 | ||
| 005 | 20141122165904.4 | ||
| 008 | 131009s2013------------------------ger-d | ||
| 020 | |a 978-3-8319-0490-7 | ||
| 040 | |a STU |b slo | ||
| 041 | 0 | |a ger | |
| 245 | |a In 80 Gärten um die Welt | ||
| 260 | |a Hamburg : |b Ellert a Richter, |c 2013 | ||
| 300 | |a 336 s | ||
| 996 | |b 284AU05917 |c A*8744 |l AAKNAR |s A |a 24 |w stu275955_0001 | ||